Taylor Swift - Compléter le nom des chansons #3 - Statistiques

Statistiques générales
  • Ce quiz a été pris 85 fois
  • Le résultat moyen est 17 sur 20
Statistiques - réponses
Hint Réponse % Correct
You Need To Calm Down
97%
London Boy
95%
I Forgot That You Existed
93%
So It Goes
92%
Guilty As Sin
90%
Death By a Thousand Cuts
89%
Sparks Fly
89%
The Last Great American Dynasty
88%
Girl At Home
88%
Thank You Aimee
86%
All You Had To Do Was Stay
86%
How You Get The Girl
85%
Hey
Stephen
85%
Last Kiss
82%
Gold Rush
82%
Mad Woman
82%
Mary's Song
81%
I Almost Do
79%
The Best Day
77%
Dear Reader
75%
Aucun quiz correspondant
Distribution des résultats
% des personnes avec chaque résultat
Percentile par nombre de réponses
Votre historique - résultats
Vous n’avez pas pris ce quiz